书目信息 |
| 题名: |
容庚杂著集
|
|
| 作者: | 容庚 著 ;曾宪通 编 | |
| 分册: | ||
| 出版信息: | 上海 中西书局 2014 |
|
| 页数: | 15, 446页 | |
| 开本: | 21cm | |
| 丛书名: | ||
| 单 册: | ||
| 中图分类: | Z429.74 | |
| 科图分类: | ||
| 主题词: | 杂著--作品集--中国--现代 | |
| 电子资源: | ||
| ISBN: | 978-7-5475-0720-9 | |
| 000 | 00784nam0 2200241 450 | |
| 001 | 337840 | |
| 005 | 20150529085631.56 | |
| 010 | @a978-7-5475-0720-9@dCNY42.00 | |
| 100 | @a20150123d2014 em y0chiy50 ea | |
| 101 | 0 | @achi |
| 102 | @aCN@b310000 | |
| 105 | @aa z 000yd | |
| 106 | @ar | |
| 200 | 1 | @a容庚杂著集@Arong geng za zhu ji@f曾宪通编 |
| 210 | @a上海@c中西书局@d2014 | |
| 215 | @a15, 446页@c图, 照片@d21cm | |
| 330 | @a本书收入容庚各类原始文本共100余号, 计160余篇 (含书信) 。按内容分为“传谱类”、“序跋类”、“评述类”和“书信类”四个部分。 | |
| 606 | 0 | @a杂著@x作品集@y中国@z现代 |
| 690 | @aZ429.74@v5 | |
| 701 | 0 | @a容庚@Arong geng@f(1894 1983)@4著 |
| 702 | 0 | @a曾宪通@Azeng xian tong@f(1935.1)@4编 |
| 801 | 0 | @aCN@b卓展宏图@c20150525 |
| 905 | @dZ429.74@e58@f4 | |
| 容庚杂著集/曾宪通编.-上海:中西书局,2014 |
| 15, 446页:图, 照片;21cm |
| ISBN 978-7-5475-0720-9:CNY42.00 |
| 本书收入容庚各类原始文本共100余号, 计160余篇 (含书信) 。按内容分为“传谱类”、“序跋类”、“评述类”和“书信类”四个部分。 |
| ● |
| 相关链接 |
|
|
|
|
正题名:容庚杂著集
索取号:Z429.74/58
 
预约/预借
| 序号 | 登录号 | 条形码 | 馆藏地/架位号 | 状态 | 备注 |
| 1 | 856380 | 208563801 | 第二样本阅览室/ [索取号:Z429.74/58] | 在馆 | |
| 2 | 856381 | 208563810 | 第三借阅区/ [索取号:Z429.74/58] | 在馆 | |
| 3 | 856382 | 208563829 | 第三借阅区/ [索取号:Z429.74/58] | 在馆 | |
| 4 | 856383 | 208563838 | 第三借阅区/ [索取号:Z429.74/58] | 在馆 |